000 00355nam a2200157Ia 4500
003 OSt
005 20240123112533.0
008 170523s9999 xx 000 0 und d
020 _a978-0256068139
040 _ciimt university meerut
100 _aBOYD- HW
245 0 _aMARKETING RESEARCH
260 _bRICHARD D IRWIN
260 _c1997
942 _2ddc
_c02
999 _c59
_d59